<?xml version="1.0" encoding="UTF-8"?>
<collection xmlns="http://www.loc.gov/MARC21/slim">
<record>
  <controlfield tag="001">3093</controlfield>
  <controlfield tag="005">20170116144354.0</controlfield>
  <datafield tag="037" ind1=" " ind2=" ">
    <subfield code="a">CTALK-2017-0036</subfield>
  </datafield>
  <datafield tag="100" ind1=" " ind2=" ">
    <subfield code="a">Dominique, M.</subfield>
  </datafield>
  <datafield tag="245" ind1=" " ind2=" ">
    <subfield code="a">Multi-instrument observation of sub-minute quasi-periodic pulsations in solar flares </subfield>
  </datafield>
  <datafield tag="260" ind1=" " ind2=" ">
    <subfield code="c">2016</subfield>
  </datafield>
  <datafield tag="269" ind1=" " ind2=" ">
    <subfield code="c">2016-06-16</subfield>
  </datafield>
  <datafield tag="520" ind1=" " ind2=" ">
    <subfield code="a">Sub-minute quasi-periodic pulsations have been reported in several solar flares in wavelengths ranging from radio waves to Hard X-Ray. However, their detection remains challenging, as observations with a good signal-to-noise ratio and a high acquisition cadence are required. The last generation of EUV space radiometers (SDO/EVE, PROBA2/LYRA, etc) provides the adequate performances. They highlighted that QPPs are not rare in the EUV either. Nevertheless, the mechanism at their origin is still debated. In this talk, I will discuss our current understanding of the phenomenon. I will also address the specificities of those sub-minute QPPs in the EUV and analyze them in the broader picture of multi-wavelength detection. How do they compare to the ones observed in other wavelength ranges? Are sub-minute QPPs produced by the same process as the longer-period ones? What can we learn from their analysis?</subfield>
  </datafield>
  <datafield tag="594" ind1=" " ind2=" ">
    <subfield code="a">NO</subfield>
  </datafield>
  <datafield tag="700" ind1=" " ind2=" ">
    <subfield code="a">Dolla, L.</subfield>
  </datafield>
  <datafield tag="700" ind1=" " ind2=" ">
    <subfield code="a">Zhukov, A. N.</subfield>
  </datafield>
  <datafield tag="700" ind1=" " ind2=" ">
    <subfield code="a">Lapenta, G.</subfield>
  </datafield>
  <datafield tag="773" ind1=" " ind2=" ">
    <subfield code="t">IBUKS meeting, Leuven, Belgium</subfield>
  </datafield>
  <datafield tag="856" ind1="0" ind2=" ">
    <subfield code="f">marie.dominique@observatoire.be</subfield>
  </datafield>
  <datafield tag="906" ind1=" " ind2=" ">
    <subfield code="a">Contributed</subfield>
  </datafield>
  <datafield tag="980" ind1=" " ind2=" ">
    <subfield code="a">CTALKCONT</subfield>
  </datafield>
</record>
</collection>